Statistics for Popular Abbreviations

Click here to take the quiz!

General Stats

  • This quiz has been taken 39 times
  • The average score is 13 of 20

Answer Stats

Abbreviation Answer % Correct
THXThanks
97%
ASAPAs Soon As Possible
97%
DIYDo It Yourself
94%
OMGOh My God
91%
IDKI Don't Know
88%
LOLLaugh Out Loud
88%
BRBBe Right Back
85%
AKAAlso Known As
85%
FAQFrequently Asked Questions
82%
TYThank You
79%
NVMNevermind
68%
POVPoint Of View
65%
IMOIn My Opinion
62%
BFFBest Friends Forever
59%
TTYLTalk To You Later
56%
TBATo Be Announced
53%
TBCTo Be Continued
26%
AFKAway From Keyboard
26%
EODEnd Of Discussion
6%
C&PCopy And Paste
3%

Score Distribution

Percentile by Number Answered

Percent of People with Each Score

Your Score History

You have not taken this quiz